MEMORIA 1938-2000 LA CASA DE ESPAÑA Y EL COLEGIO DE MEXICO (Registro nro. 39906)
[ vista simple ]
| 000 -LEADER | |
|---|---|
| fixed length control field | 01053nam a2200205 a 4500 |
| 001 - CONTROL NUMBER | |
| control field | 39906 |
| 005 - DATE AND TIME OF LATEST TRANSACTION | |
| control field | 20180714013616.0 |
| 008 - FIXED-LENGTH DATA ELEMENTS--GENERAL INFORMATION | |
| fixed length control field | 140415s2000 mx 000 0 spa d |
| 020 ## - INTERNATIONAL STANDARD BOOK NUMBER | |
| International Standard Book Number | 9681209931 |
| 041 ## - LANGUAGE CODE | |
| Language code of text/sound track or separate title | spa |
| 082 ## - DEWEY DECIMAL CLASSIFICATION NUMBER | |
| Classification number | 378.72 |
| Item number | MEM |
| 100 1# - MAIN ENTRY--PERSONAL NAME | |
| Personal name | LIDA, CLARA E. |
| 245 10 - TITLE STATEMENT | |
| Title | MEMORIA 1938-2000 LA CASA DE ESPAÑA Y EL COLEGIO DE MEXICO |
| 250 ## - EDITION STATEMENT | |
| Edition statement | 1a ed. |
| 260 ## - PUBLICATION, DISTRIBUTION, ETC. | |
| Place of publication, distribution, etc. | MEXICO : |
| Name of publisher, distributor, etc. | EL COLEGIO DE MEXICO, |
| Date of publication, distribution, etc. | 2000 |
| 300 ## - PHYSICAL DESCRIPTION | |
| Extent | 574 |
| Dimensions | x 15 x 22.8 |
| 520 ## - SUMMARY, ETC. | |
| Summary, etc. | EL OBJETIVO DE ESTE LIBRO NO ES HACER UNA CRONICA DE HOSPITALIDAD , NI LA DE EMIGRCION, NUESTRO OBJETIVO ES MENOS VASTO, PERO NO POR SIRCUNSCRITO MENOS COMPLEJOY SIGNIFICATIVO. AL CENTRAR ESTA INVESTIGACION SOBRE TODO EN LA CASA DE ESPAÑA EN MEXICO HEMOS OPTADO POR ESTUDIAR UN CASO EJEMPLAR, RESULTADO DE ESE GRAN GESTO HUMANITARIO DE LAZARO CARDENAS Y DE MEXICO. CASO EJEMPLAR ES QUE EN JULIO DE 1938 CREA UN ALBERGUE INTELECTUAL PARA PROFESIONALES, ACADEMICOS Y ARTISTAS EXILIADOS . |
| 650 14 - SUBJECT ADDED ENTRY--TOPICAL TERM | |
| Topical term or geographic name entry element | ESPAOLES EN MXICO |
| 700 1# - ADDED ENTRY--PERSONAL NAME | |
| Personal name | MATESANZ, JOSÉ ANTONIO |
| Relator term | coaut. |
| Withdrawn status | Lost status | Source of classification or shelving scheme | Damaged status | Not for loan | Collection code | Home library | Current library | Shelving location | Date acquired | Source of acquisition | Inventory number | Total Checkouts | Full call number | Barcode | Date last seen | Price effective from | Koha item type |
|---|---|---|---|---|---|---|---|---|---|---|---|---|---|---|---|---|---|
| Dewey Decimal Classification | General | Biblioteca Karol Wojtyla | Biblioteca Karol Wojtyla | Sala general | 03/12/2013 | Compra | 151000000000000000045063 | 378.72 MEM | 59919 | 05/01/2026 | 03/12/2013 | Libro |